1/2 Finalistes femmes de Grand Chelem de tennis depuis 2000 - Statistiques

Statistiques générales
  • Ce quiz a été pris 49 fois
    5 depuis la dernière actualisation
  • Le résultat moyen est 323 sur 416
Statistiques - réponses
Année Tournoi Résultat Joueuse % Correct
Finaliste BARTOLI
100%
BARTOLI
100%
Wimbledon Gagnante BARTOLI
100%
1/2 Finalistes CAPRIATI
100%
2001 Australie Gagnante CAPRIATI
100%
Roland Garros Gagnante CAPRIATI
100%
CAPRIATI
100%
1/2 Finalistes CAPRIATI
100%
2002 Australie Gagnante CAPRIATI
100%
1/2 Finalistes CAPRIATI
100%
CAPRIATI
100%
1/2 Finalistes CAPRIATI
100%
CAPRIATI
100%
Finaliste CLIJSTERS
100%
1/2 Finalistes CLIJSTERS
100%
CLIJSTERS
100%
Finaliste CLIJSTERS
100%
CLIJSTERS
100%
Finaliste CLIJSTERS
100%
Finaliste CLIJSTERS
100%
US Open Gagnante CLIJSTERS
100%
CLIJSTERS
100%
1/2 Finalistes CLIJSTERS
100%
CLIJSTERS
100%
1/2 Finalistes CLIJSTERS
100%
US Open Gagnante CLIJSTERS
100%
US Open Gagnante CLIJSTERS
100%
2011 Australie Gagnante CLIJSTERS
100%
1/2 Finalistes CLIJSTERS
100%
2000 Australie Gagnante DAVENPORT
100%
Finaliste DAVENPORT
100%
Finaliste DAVENPORT
100%
DAVENPORT
100%
1/2 Finalistes DAVENPORT
100%
1/2 Finalistes DAVENPORT
100%
1/2 Finalistes DAVENPORT
100%
1/2 Finalistes DAVENPORT
100%
1/2 Finalistes DAVENPORT
100%
Finaliste DAVENPORT
100%
Finaliste DAVENPORT
100%
Finaliste GAUFF
100%
US Open Gagnante GAUFF
100%
1/2 Finalistes GAUFF
100%
1/2 Finalistes GAUFF
100%
Roland Garros Gagnante GAUFF
100%
Finaliste HALEP
100%
1/2 Finalistes HALEP
100%
HALEP
100%
Finaliste HALEP
100%
Finaliste HALEP
100%
Roland Garros Gagnante HALEP
100%
Wimbledon Gagnante HALEP
100%
1/2 Finalistes HALEP
100%
1/2 Finalistes HALEP
100%
1/2 Finalistes HENIN
100%
Finaliste HENIN
100%
1/2 Finalistes HENIN
100%
1/2 Finalistes HENIN
100%
Roland Garros Gagnante HENIN
100%
1/2 Finalistes HENIN
100%
US Open Gagnante HENIN
100%
2004 Australie Gagnante HENIN
100%
Roland Garros Gagnante HENIN
100%
Finaliste HENIN
100%
Roland Garros Gagnante HENIN
100%
Finaliste HENIN
100%
Finaliste HENIN
100%
Roland Garros Gagnante HENIN
100%
1/2 Finalistes HENIN
100%
US Open Gagnante HENIN
100%
Finaliste HENIN
100%
Finaliste IVANOVIC
100%
IVANOVIC
100%
Finaliste IVANOVIC
100%
Roland Garros Gagnante IVANOVIC
100%
1/2 Finalistes IVANOVIC
100%
1/2 Finalistes LI
100%
Finaliste LI
100%
Roland Garros Gagnante LI
100%
Finaliste LI
100%
1/2 Finalistes LI
100%
2014 Australie Gagnante LI
100%
MAURESMO
100%
MAURESMO
100%
MAURESMO
100%
MAURESMO
100%
2006 Australie Gagnante MAURESMO
100%
Wimbledon Gagnante MAURESMO
100%
1/2 Finalistes MAURESMO
100%
US Open Gagnante OSAKA
100%
2019 Australie Gagnante OSAKA
100%
US Open Gagnante OSAKA
100%
2021 Australie Gagnante OSAKA
100%
1/2 Finalistes OSAKA
100%
Roland Garros Gagnante PIERCE
100%
Finaliste PIERCE
100%
Finaliste PIERCE
100%
Roland Garros Gagnante SCHIAVONE
100%
Finaliste SCHIAVONE
100%
Wimbledon Gagnante SHARAPOVA
100%
1/2 Finalistes SHARAPOVA
100%
1/2 Finalistes SHARAPOVA
100%
1/2 Finalistes SHARAPOVA
100%
1/2 Finalistes SHARAPOVA
100%
1/2 Finalistes SHARAPOVA
100%
US Open Gagnante SHARAPOVA
100%
Finaliste SHARAPOVA
100%
1/2 Finalistes SHARAPOVA
100%
2008 Australie Gagnante SHARAPOVA
100%
1/2 Finalistes SHARAPOVA
100%
Finaliste SHARAPOVA
100%
Finaliste SHARAPOVA
100%
Roland Garros Gagnante SHARAPOVA
100%
1/2 Finalistes SHARAPOVA
100%
1/2 Finalistes SHARAPOVA
100%
Finaliste SHARAPOVA
100%
Roland Garros Gagnante SHARAPOVA
100%
Finaliste SHARAPOVA
100%
1/2 Finalistes SHARAPOVA
100%
Roland Garros Gagnante SWIATEK
100%
1/2 Finalistes SWIATEK
100%
Roland Garros Gagnante SWIATEK
100%
US Open Gagnante SWIATEK
100%
Roland Garros Gagnante SWIATEK
100%
Roland Garros Gagnante SWIATEK
100%
1/2 Finalistes SWIATEK
100%
1/2 Finalistes SWIATEK
100%
Wimbledon Gagnante SWIATEK
100%
1/2 Finalistes S WILLIAMS
100%
Finaliste S WILLIAMS
100%
Roland Garros Gagnante S WILLIAMS
100%
Wimbledon Gagnante S WILLIAMS
100%
US Open Gagnante S WILLIAMS
100%
2003 Australie Gagnante S WILLIAMS
100%
1/2 Finalistes S WILLIAMS
100%
Wimbledon Gagnante S WILLIAMS
100%
Finaliste S WILLIAMS
100%
2005 Australie Gagnante S WILLIAMS
100%
2007 Australie Gagnante S WILLIAMS
100%
Finaliste S WILLIAMS
100%
US Open Gagnante S WILLIAMS
100%
2009 Australie Gagnante S WILLIAMS
100%
Wimbledon Gagnante S WILLIAMS
100%
1/2 Finalistes S WILLIAMS
100%
2010 Australie Gagnante S WILLIAMS
100%
Wimbledon Gagnante S WILLIAMS
100%
Finaliste S WILLIAMS
100%
Wimbledon Gagnante S WILLIAMS
100%
US Open Gagnante S WILLIAMS
100%
Roland Garros Gagnante S WILLIAMS
100%
US Open Gagnante S WILLIAMS
100%
US Open Gagnante S WILLIAMS
100%
2015 Australie Gagnante S WILLIAMS
100%
Roland Garros Gagnante S WILLIAMS
100%
Wimbledon Gagnante S WILLIAMS
100%
1/2 Finalistes S WILLIAMS
100%
Finaliste S WILLIAMS
100%
Finaliste S WILLIAMS
100%
Wimbledon Gagnante S WILLIAMS
100%
1/2 Finalistes S WILLIAMS
100%
2017 Australie Gagnante S WILLIAMS
100%
1/2 Finalistes S WILLIAMS
100%
Finaliste S WILLIAMS
100%
Finaliste S WILLIAMS
100%
Finaliste S WILLIAMS
100%
Finaliste S WILLIAMS
100%
1/2 Finalistes S WILLIAMS
100%
1/2 Finalistes S WILLIAMS
100%
Wimbledon Gagnante V WILLIAMS
100%
US Open Gagnante V WILLIAMS
100%
1/2 Finalistes V WILLIAMS
100%
Wimbledon Gagnante V WILLIAMS
100%
US Open Gagnante V WILLIAMS
100%
Finaliste V WILLIAMS
100%
Finaliste V WILLIAMS
100%
Finaliste V WILLIAMS
100%
Finaliste V WILLIAMS
100%
Finaliste V WILLIAMS
100%
Wimbledon Gagnante V WILLIAMS
100%
Wimbledon Gagnante V WILLIAMS
100%
1/2 Finalistes V WILLIAMS
100%
Wimbledon Gagnante V WILLIAMS
100%
Finaliste V WILLIAMS
100%
1/2 Finalistes V WILLIAMS
100%
1/2 Finalistes V WILLIAMS
100%
Finaliste V WILLIAMS
100%
Finaliste V WILLIAMS
100%
US Open Gagnante ANDREESCU
80%
ANDREEVA
80%
1/2 Finalistes AZARENKA
80%
2012 Australie Gagnante AZARENKA
80%
1/2 Finalistes AZARENKA
80%
Finaliste AZARENKA
80%
2013 Australie Gagnante AZARENKA
80%
1/2 Finalistes AZARENKA
80%
Finaliste AZARENKA
80%
Finaliste AZARENKA
80%
1/2 Finalistes AZARENKA
80%
Roland Garros Gagnante BARTY
80%
BARTY
80%
Wimbledon Gagnante BARTY
80%
2022 Australie Gagnante BARTY
80%
BOISSON
80%
C FERNANDEZ
80%
GARCIA
80%
Finaliste HINGIS
80%
1/2 Finalistes HINGIS
80%
HINGIS
80%
Finaliste HINGIS
80%
HINGIS
80%
HINGIS
80%
Finaliste HINGIS
80%
Finaliste JABEUR
80%
Finaliste JABEUR
80%
Finaliste JABEUR
80%
2020 Australie Gagnante KENIN
80%
Finaliste KENIN
80%
1/2 Finalistes KEYS
80%
Finaliste KEYS
80%
1/2 Finalistes KEYS
80%
1/2 Finalistes KEYS
80%
KEYS
80%
1/2 Finalistes KEYS
80%
2025 Australie Gagnante KEYS
80%
Roland Garros Gagnante KREJCIKOVA
80%
Wimbledon Gagnante KREJCIKOVA
80%
1/2 Finalistes KVITOVA
80%
Wimbledon Gagnante KVITOVA
80%
KVITOVA
80%
1/2 Finalistes KVITOVA
80%
Wimbledon Gagnante KVITOVA
80%
Finaliste KVITOVA
80%
1/2 Finalistes KVITOVA
80%
Finaliste L FERNANDEZ
80%
Finaliste MUGURUZA
80%
Roland Garros Gagnante MUGURUZA
80%
Wimbledon Gagnante MUGURUZA
80%
MUGURUZA
80%
Finaliste MUGURUZA
80%
Roland Garros Gagnante OSTAPENKO
80%
1/2 Finalistes OSTAPENKO
80%
Finaliste PEGULA
80%
PEGULA
80%
PEGULA
80%
PENNETTA
80%
US Open Gagnante PENNETTA
80%
Finaliste PLISKOVA
80%
1/2 Finalistes PLISKOVA
80%
1/2 Finalistes PLISKOVA
80%
Finaliste PLISKOVA
80%
Wimbledon Gagnante RYBAKINA
80%
Finaliste RYBAKINA
80%
1/2 Finalistes RYBAKINA
80%
2026 Australie Gagnante RYBAKINA
80%
1/2 Finalistes SABALENKA
80%
1/2 Finalistes SABALENKA
80%
1/2 Finalistes SABALENKA
80%
2023 Australie Gagnante SABALENKA
80%
1/2 Finalistes SABALENKA
80%
1/2 Finalistes SABALENKA
80%
Finaliste SABALENKA
80%
2024 Australie Gagnante SABALENKA
80%
US Open Gagnante SABALENKA
80%
Finaliste SABALENKA
80%
Finaliste SABALENKA
80%
1/2 Finalistes SABALENKA
80%
Us Open Gagnante SABALENKA
80%
Finaliste SABALENKA
80%
Finaliste SAFINA
80%
SAFINA
80%
Finaliste SAFINA
80%
Finaliste SAFINA
80%
SAFINA
80%
SANCHEZ
80%
SELES
80%
1/2 Finalistes SVITOLINA
80%
1/2 Finalistes SVITOLINA
80%
SVITOLINA
80%
1/2 Finalistes SVITOLINA
80%
Finaliste VONDROUSOVA
80%
Wimbledon Gagnante VONDROUSOVA
80%
Finaliste WOZNIACKI
80%
WOZNIACKI
80%
1/2 Finalistes WOZNIACKI
80%
WOZNIACKI
80%
Finaliste WOZNIACKI
80%
WOZNIACKI
80%
2018 Australie Gagnante WOZNIACKI
80%
ANISIMOVA
60%
Finaliste ANISIMOVA
60%
Finaliste ANISIMOVA
60%
BRADY
60%
Finaliste BRADY
60%
COLLINS
60%
Finaliste COLLINS
60%
JANKOVIC
60%
JANKOVIC
60%
1/2 Finalistes JANKOVIC
60%
1/2 Finalistes JANKOVIC
60%
Finaliste JANKOVIC
60%
JANKOVIC
60%
J ZHENG
60%
1/2 Finalistes KERBER
60%
KERBER
60%
2016 Australie Gagnante KERBER
60%
Finaliste KERBER
60%
US Open Gagnante KERBER
60%
1/2 Finalistes KERBER
60%
Wimbledon Gagnante KERBER
60%
KERBER
60%
US Open Gagnante KUZNETSOVA
60%
Finaliste KUZNETSOVA
60%
Finaliste KUZNETSOVA
60%
KUZNETSOVA
60%
Roland Garros Gagnante KUZNETSOVA
60%
LISICKI
60%
Finaliste LISICKI
60%
MARTINEZ
60%
Finaliste MARTINEZ
60%
MUCHOVA
60%
Finaliste MUCHOVA
60%
MUCHOVA
60%
1/2 Finalistes MUCHOVA
60%
Roland Garros Gagnante MYSKINA
60%
Finaliste PAOLINI
60%
Finaliste PAOLINI
60%
Finaliste Q ZHENG
60%
US Open Gagnante RADUCANU
60%
1/2 Finalistes SAKKARI
60%
SAKKARI
60%
STEPHENS
60%
US Open Gagnante STEPHENS
60%
Finaliste STEPHENS
60%
1/2 Finalistes STOSUR
60%
Finaliste STOSUR
60%
US Open Gagnante STOSUR
60%
STOSUR
60%
1/2 Finalistes STOSUR
60%
VEKIC
60%
BADOSA
40%
BENCIC
40%
BENCIC
40%
BERTENS
40%
BOUCHARD
40%
1/2 Finalistes BOUCHARD
40%
Finaliste BOUCHARD
40%
CIBULKOVA
40%
Finaliste CIBULKOVA
40%
1/2 Finalistes DEMENTIEVA
40%
Finaliste DEMENTIEVA
40%
Finaliste DEMENTIEVA
40%
DEMENTIEVA
40%
1/2 Finalistes DEMENTIEVA
40%
1/2 Finalistes DEMENTIEVA
40%
1/2 Finalistes DEMENTIEVA
40%
1/2 Finalistes DEMENTIEVA
40%
1/2 Finalistes DEMENTIEVA
40%
Finaliste ERRANI
40%
ERRANI
40%
ERRANI
40%
GORGES
40%
HADDAD MAIA
40%
1/2 Finalistes KASATKINA
40%
KONTA
40%
1/2 Finalistes KONTA
40%
1/2 Finalistes KONTA
40%
LINETTE
40%
MARIA
40%
MERTENS
40%
NAVARRO
40%
Finaliste PAVLYUCHENKOVA
40%
PENG
40%
PETKOVIC
40%
PETROVA
40%
1/2 Finalistes PETROVA
40%
PODOROSKA
40%
Finaliste RADWANSKA
40%
1/2 Finalistes RADWANSKA
40%
1/2 Finalistes RADWANSKA
40%
RADWANSKA
40%
1/2 Finalistes RADWANSKA
40%
RYBARIKOVA
40%
SAFAROVA
40%
Finaliste SAFAROVA
40%
SUAREZ
40%
TREVISAN
40%
Finaliste VINCI
40%
ZIDANSEK
40%
ZVONAREVA
40%
Finaliste ZVONAREVA
40%
Finaliste ZVONAREVA
40%
ZVONAREVA
40%
BACSINSZKY
20%
BACSINSZKY
20%
DECHY
20%
DOKIC
20%
FLIPKENS
20%
J ZHENG
20%
LUCIC BARONI
20%
1/2 Finalistes MAKAROVA
20%
MAKAROVA
20%
PIRONKOVA
20%
1/2 Finalistes VANDEWEGHE
20%
VANDEWEGHE
20%
VESNINA
20%
YASTREMSKA
20%
ZAHLAVOVA STRYCOVA
20%
ZULUAGA
20%
CHAKVETADZE
0%
HANTUCHOVA
0%
LIKHOVTSEVA
0%
1/2 Finalistes SCHNYDER
0%
SEVASTOVA
0%
VAIDISOVA
0%
VAIDISOVA
0%
WICKMAYER
0%
Aucun quiz correspondant
Distribution des résultats
% des personnes avec chaque résultat
Percentile par nombre de réponses
Votre historique - résultats
Vous n’avez pas pris ce quiz depuis la dernière actualisation